| 000 | 01123nam a2200253 i 4500 | ||
|---|---|---|---|
| 001 | 150373 | ||
| 003 | ES-MaACL | ||
| 005 | 20260203104603.0 | ||
| 007 | t| | ||
| 008 | 071030s1905 sp |||| | spa d | ||
| 100 | 1 |
_aVal, Mariano Miguel de, _d1875-1912 _9112429 |
|
| 245 | 1 | 3 |
_aLa poesía del "Quijote" : _bdiscurso leído la noche del 7 de mayo de 1905 en el Ateneo de Madrid con ocasión del III Centenario de la publicación del Quijote / _cpor Mariano Miguel de Val. |
| 260 |
_aMadrid : _b[s.n.], _c1905 ( _fImp. Bernardo Rodríguez) |
||
| 300 |
_a83 p. ; _c18 cm. |
||
| 504 | _aReferencias bibliográficas. | ||
| 530 | _aDisponible en formato digital. | ||
| 600 | 1 | 4 |
_aCervantes Saavedra, Miguel de, _d1547-1616- _xPoesía _9174684 |
| 600 | 1 | 4 |
_aCervantes Saavedra, Miguel de, _d1547-1616. _tDon Quijote de la Mancha- _vAniversarios y centenarios _937614 |
| 610 | 2 | 4 |
_aAteneo de Madrid- _vConferencias- _y1900-1939 _91907 |
| 852 | 4 |
_aES-MaACL _jA-7905 _cSPP2 |
|
| 856 | 4 |
_uhttp://bdh-rd.bne.es/viewer.vm?id=0000198691&page=1 _yBiblioteca Digital Hispánica |
|
| 942 | _2udc | ||
| 999 |
_c150373 _d150373 |
||